Bienvenue au Catalogue en Ligne des Bibliothèques de l'Universite du Burundi

Enjeux et contraintes environnementaux de la filière huile de palme en commune Rumonge (Record no. 19268)

000 -GUIDE
Champ de contrôle de longueur fixe 01439nam a22002657a 4500
003 - IDENTITÉ DU NUMÉRO DE CONTRÔLE
Champ de contrôle BI-BuBU
008 - ÉLÉMENTS DE LONGUEUR FIXE - RENSEIGNEMENTS GÉNÉRAUX
Champ de contrôle de longueur fixe 130411s2013 bd ||||dr|||| 000 0 fre d
037 ## - SOURCE D'ACQUISITION
Source d'acquisition et du numéro d'inventaire Don de l'auteur
039 ## - NIVEAU DE CONTRÔLE BIBLIOGRAPHIQUE ET HISTORIQUE D'ENCODAGE [OBSOLETE]
Date creation 20130411093035.0
Nom catalographe Aline NIYUBAHWE
Date modification 20130610145432.0
Nom catalographe Béatrice Barankeba
040 ## - SOURCE DU CATALOGAGE
Organisme qui a effectué le catalogage original BI-BuBU
Code de la langue utilisée dans le catalogage fre
Organisme qui a effectué la transcription BI-BuBU
Organisme qui a effectué la modification BI-BuBU
080 ## - INDICE DE LA CLASSIFICATION DÉCIMALE UNIVERSELLE (CDU)
Indice de la Classification décimale universelle 665.353.
100 1# - VEDETTE PRINCIPALE - NOM DE PERSONNE
Code de relation aut
Nom de personne Bizindavyi, Lucien
245 10 - MENTION DU TITRE
Titre Enjeux et contraintes environnementaux de la filière huile de palme en commune Rumonge
Mention de responsabilité, etc. par Lucien Bizindavyi ; Charles Niyonkuru, directeur
260 ## - PUBLICATION, DIFFUSION, ETC. (ADRESSE BIBLIOGRAPHIQUE)
Lieu de publication, diffusion, etc. Bujumbura
Nom de l'éditeur, diffuseur, etc. Université du Burundi, Institut de Pédagogie Appliquée, Département de Biologie
Date of publication, distribution, etc 2013
300 ## - DESCRIPTION MATÉRIELLE
Collation VIII-39 f.
Dimensions 30 cm.
500 ## - NOTE GÉNÉRALE
Note générale Mémoire présenté et défendu publiquement en vue de l'obtention du grade de Licencié en Pédagogie Appliquée, Agrégé de l'Enseignement Secondaire en Biologie.
650 #7 - VEDETTE-MATIÈRE - NOM COMMUN
Source du terme BI-BuBU
Vedette de sujet ou vedette comportant un nom géographique Huile de palme
9 (RLIN) 69231
Subdivision générale Enjeu environnmental
Subdivision géographique Rumonge (Commune)
650 #7 - VEDETTE-MATIÈRE - NOM COMMUN
Source du terme BI-BuBU
Vedette de sujet ou vedette comportant un nom géographique Huile de palme
9 (RLIN) 69232
Subdivision générale Contrainte environnmentale
Subdivision géographique Rumonge (Commune)
655 #7 - TERME D'INDEXATION - GENRE OU FORME
Source du terme BI-BuBU
Données ou terme dominant sur le genre ou la forme Mémoire
9 (RLIN) 72970
700 1# - VEDETTE SECONDAIRE - NOM DE PERSONNE
Code de relation drt
Nom d'auteur Lucien, Bizindavyi
9 (RLIN) 69233
710 ## - VEDETTE SECONDAIRE - NOM DE COLLECTIVITÉ
Nom de la collectivité ou nom de lieu comme élément de classement Université du Burundi
Collectivité subordonnée Institut de Pédagogie Appliquée, Département de Biologie
9 (RLIN) 72971
942 ## - ÉLÉMENTS D'ENTRÉE ADDITIONNELLE (KOHA)
Source de la classification ou du système de rangement
Type d item koha Memoire
Holdings
Statut de retrait Statut de perte Source de la classification ou du système de rangement Statut de déterioration Exclu du prêt Numéro d item Koha Localisation permanente Localisation actuelle Date d'acquisition Source d'acquisition Nombre de prêts Cote Code-barres Date last seen Numéro d'exemplaire Prix en vigueur à partir du Type d item koha
        Not For Loan 30791 Bibliothèque Centrale Bibliothèque Centrale 11/04/2013 Don de l'auteur   665.353.BIZ. 5010000312756 11/04/2013 1 11/04/2013 Memoire
© 2019-2026 - Bibliothèques de l'Université du Burundi |Tous droits réservés
home | Pour toute information urgente Contactez nous | tel whatsupp: +25779204313